00262nam a2200121Ia 4500008004100000100001700041245001800058260001800076300000800094650001400102942000700116999001700123190216s9999||||xx |||||||||||||| ||und|| aBhaskaran P 0aOrikkal Koodi bCurrent Books a56p aKavithkal cBK c24470d24470